| 000 | 00845nam a2200229 a 4500 | ||
|---|---|---|---|
| 001 | BRCA_219 | ||
| 005 | 20190320202925.0 | ||
| 008 | 920526r19901905mx-a---###---#000-0bspa-# | ||
| 041 | _aspa | ||
| 044 | _amx | ||
| 050 | 4 |
_aF1233.J8 _b.S54 1990 |
|
| 100 | 1 |
_aSierra, Justo _d1848-1912 _9756 |
|
| 245 | 1 | 0 |
_aJuárez _bsu obra y su tiempo _cJusto Sierra. |
| 260 |
_aChimalistac, Ciudad de México _bCentro de Estudios de Historia de México, CONDUMEX _c1990 |
||
| 300 |
_axvii, 500 p. _bil. _c36 cm. |
||
| 500 | _aFacsímil de: México : J. Ballescá y Compañía, 1905-1906 | ||
| 500 | _aIncluye índice de retratos e índice de capítulos | ||
| 600 | 1 | 4 |
_aJuárez, Benito _cPresidente de México _d1806-1872 _9757 |
| 651 | 4 |
_aMéxico _xHistoria _y1821-1861 _9618 |
|
| 651 | 4 |
_aMéxico _xHistoria _yIntervención europea, 1861-1867 _9758 |
|
| 942 |
_2lcc _cB |
||
| 999 |
_c179 _d179 |
||